000 01435nam a2200325 i 4500
001 183654
003 ES-MaACL
005 20250804223948.0
008 140916s2013 sp afp | c |||| | spa d
020 _a978-84-8347-160-9
080 _a017.1(460.27 M.)
080 _a016:094=411.21"16/18"
100 1 _aTorres Santo Domingo, Nuria.
_9155502
245 1 0 _aCatálogo de fondo antiguo con tipografía árabe :
_buna colección singular en la Biblioteca Islámica Félix Mª Pareja /
_cedición de Luisa Mora Villarejo ; autores, Nuria Torres Santo Domingo, Juan Manuel Vizcaíno, Miren Ibarra Ibaibarriaga.
260 _aMadrid :
_bAgencia Español de Cooperación Internacional para el Desarrollo,
_c2013.
300 _a410 p. :
_bil. col. ;
_c26 cm.
490 1 _aCiencias y humanismo
500 _aGlosario: Bibliología. Civilización árabe e islámica.
500 _aÍndice onomástico.
504 _aBibliografía: p. 393-394.
650 7 _aLibros árabes-
_vCatálogos.
_9155503
650 7 _aLibros antiguos-
_zBiblioteca Islámica "Félix María Pareja"-
_vCatálogos.
_9155504
700 1 _aVizcaíno, Juan Manuel.
_9155505
700 1 _aIbarra Ibaibarriaga, Miren.
_9155506
700 1 _aMora Villarejo, Luisa.
_9153414
830 0 0 _aCiencias y humanismo
_9188923
852 _aES-MaACL
_jA-13238
_9190600
_bR.150112
_cDEPO1
_dOlim: N-6238
942 _2udc
_cMONOGRAFIA
_n0
999 _c183654
_d183654